Effect of chiken manure on lettuce in crop station of royal university of agriculture ប្រសិទ្ធភាពនៃជីលាមកមាន់លើដំណាំសាលាដនៅស្ថានីយ៍ដំណាំសាកលវិទ្យាល័យភូមិន្ទកសិកម្ម (Record no. 872)

000 -LEADER
fixed length control field 00677nam a22001577a 4500
003 - CONTROL NUMBER IDENTIFIER
control field OSt
005 - DATE AND TIME OF LATEST TRANSACTION
control field 20150920091847.0
008 - FIXED-LENGTH DATA ELEMENTS--GENERAL INFORMATION
fixed length control field 150920b xxu||||| |||| 00| 0 eng d
040 ## - CATALOGING SOURCE
Transcribing agency RUA
082 ## - DEWEY DECIMAL CLASSIFICATION NUMBER
Classification number AGR CHE 2008 B038 Or.1
100 ## - MAIN ENTRY--PERSONAL NAME
9 (RLIN) 904
Personal name CHEA, VUTHEA.
245 ## - TITLE STATEMENT
Title Effect of chiken manure on lettuce in crop station of royal university of agriculture ប្រសិទ្ធភាពនៃជីលាមកមាន់លើដំណាំសាលាដនៅស្ថានីយ៍ដំណាំសាកលវិទ្យាល័យភូមិន្ទកសិកម្ម
260 ## - PUBLICATION, DISTRIBUTION, ETC. (IMPRINT)
Place of publication, distribution, etc. Phnom Penh
Name of publisher, distributor, etc. RUA
Date of publication, distribution, etc. 2008
300 ## - PHYSICAL DESCRIPTION
Extent x; 53p.
Other physical details ill.
Dimensions 29cm.
942 ## - ADDED ENTRY ELEMENTS (KOHA)
Source of classification or shelving scheme
Koha item type AGR
Holdings
Price effective from Date last seen Permanent Location Not for loan Date acquired Source of classification or shelving scheme Koha item type Lost status Withdrawn status Total Renewals Date last checked out Total Checkouts Shelving location Damaged status Barcode Current Location Full call number
2015-09-202023-09-18Library Block B 2015-09-20 AGR   2023-09-062B038 RUA002510Library Block BAGR CHE 2008 B038 Or.1
2015-09-202019-10-11Library Block B 2015-09-20 AGR   2019-08-265B038 RUA002353Library Block BAGR CHE 2008 B038 Or.2
2015-09-202023-04-24Library Block B 2015-09-20 AGR  12023-03-1414B038 RUA002586Library Block BAGR CHE 2008 B038 Or.3
2015-09-202020-06-09Library Block B 2015-09-20 AGR   2020-05-053B038 RUA002870Library Block BAGR CHE 2008 B038 Or.4
2015-09-202022-11-28Library Block B 2015-09-20 AGR   2022-11-221B038 RUA002061Library Block BAGR CHE 2008 B038 Or.5
2015-09-202016-10-26Library Block B 2015-09-20 AGR   2016-10-262B038 RUA002281Library Block BAGR CHE 2008 B038 Or.6
2016-02-242017-08-08Library Block B 2016-02-24 AGR   2017-08-011  RUA051213Library Block BAGR CHE 2008 B038 Or.7
មជ្ឈមណ្ឌលឯការនៃសាកលវិទ្យាល័យភូមិន្ទកសិកម្មចំការដូង

Powered by Koha